[Event "CZE-ch Amateurs Blitz"]
[Site "Hluk"]
[Date "2025.05.09"]
[Round "7"]
[White "Bakalar, Jan"]
[Black "Bokhnak, Timofey"]
[Result "0-1"]
[WhiteElo "1909"]
[BlackElo "2149"]
[PlyCount "108"]
[EventDate "2025.05.09"]
[EventType "swiss (blitz)"]
[EventRounds "13"]
[EventCountry "CZE"]
[SourceTitle "CB20_2025"]
[SourceDate "2025.05.14"]
[SourceVersion "1"]
[SourceVersionDate "2025.05.14"]
[SourceQuality "1"]

1. e4 c5 2. Nf3 e6 3. d4 cxd4 4. Nxd4 Nc6 5. Nc3 a6 6. Be3 Nf6 7. Be2 Qc7 8. 0-0 b5 9. a3 Bb7 10. f4 Nxd4 11. Bxd4 Bc5 12. Bf3 Bxd4+ 13. Qxd4 Qxf4 14. Qb6 Qb8 15. e5 Bxf3 16. Qxb8+ Rxb8 17. exf6 Bc6 18. fxg7 Rg8 19. Rf2 Rxg7 20. b4 Ke7 21. Nd1 Rc8 22. Nb2 Be4 23. Rc1 Rc3 24. a4 f5 25. Nd1 Rc4 26. axb5 axb5 27. c3 Rg8 28. Ra1 Ra8 29. Rxa8 Bxa8 30. Rc2 Be4 31. Rc1 Rc7 32. Ne3 d5 33. Kf2 d4 34. Nd1 Rc4 35. g3 Kd6 36. Ke2 dxc3 37. Rxc3 Rxb4 38. Ke3 Rc4 39. Rxc4 bxc4 40. Nc3 Bd3 41. Nd1 e5 42. Nf2 Bf1 43. Kd2 Kc5 44. Kc3 h5 45. Nd1 Bd3 46. Ne3 f4 47. gxf4 exf4 48. Nd1 Kd5 49. Nf2 Be2 50. h4 f3 51. Nh3 Ke4 52. Kd2 Kd4 53. Nf2 c3+ 54. Kc2 Ke3 0-1

[Event "CZE-ch Amateurs Blitz"]
[Site "Hluk"]
[Date "2025.05.09"]
[Round "2"]
[White "Starek, Stanislav"]
[Black "Bakalar, Jan"]
[Result "1-0"]
[WhiteElo "2128"]
[BlackElo "1909"]
[PlyCount "34"]
[EventDate "2025.05.09"]
[EventType "swiss (blitz)"]
[EventRounds "13"]
[EventCountry "CZE"]
[SourceTitle "CB20_2025"]
[SourceDate "2025.05.14"]
[SourceVersion "1"]
[SourceVersionDate "2025.05.14"]
[SourceQuality "1"]

1. d4 c5 2. e4 cxd4 3. Nf3 e6 4. Nxd4 a6 5. Nc3 Qc7 6. Bd3 Bd6 7. Be3 Bf4 8. Qg4 Bxe3 9. fxe3 g6 10. 0-0-0 Nc6 11. Rhf1 Ne5 12. Qg5 f6 13. Qh4 d6 14. Nf3 Qe7 15. Nxe5 dxe5 16. Bc4 Bd7 17. Rd2 Qd8 1-0

[Event "SVK-ch blitz"]
[Site "Poprad"]
[Date "2025.05.02"]
[Round "10"]
[White "Bakalar, Jan"]
[Black "Sevcikova, Lucia"]
[Result "1-0"]
[WhiteElo "1909"]
[BlackElo "2037"]
[PlyCount "71"]
[EventDate "2025.05.02"]
[EventType "swiss (blitz)"]
[EventRounds "13"]
[EventCountry "SVK"]
[SourceTitle "CB19_2025"]
[SourceDate "2025.05.07"]
[SourceVersion "1"]
[SourceVersionDate "2025.05.07"]
[SourceQuality "1"]

1. e4 c6 2. Nc3 d5 3. Nf3 dxe4 4. Nxe4 Nf6 5. Ng3 h5 6. h4 Bg4 7. Bc4 e6 8. d3 Bd6 9. Qe2 Nbd7 10. Bg5 Qa5+ 11. Bd2 Qb6 12. 0-0-0 0-0-0 13. Kb1 Nd5 14. Ne4 Ba3 15. Bb3 Be7 16. c4 Nb4 17. d4 c5 18. d5 exd5 19. cxd5 Ne5 20. Bxb4 cxb4 21. Qc2+ Kb8 22. Nxe5 Bf5 23. Nc4 Qg6 24. f3 Rc8 25. Ka1 b5 26. Qd3 bxc4 27. Bxc4 Bc5 28. d6 Rhd8 29. Bd5 Rxd6 30. Qb5+ Rb6 31. Qa5 Bxe4 32. Bxe4 Qf6 33. Rd7 Rc7 34. Rhd1 Be7 35. Rxc7 Kxc7 36. Qd5 1-0

[Event "SVK-ch blitz"]
[Site "Poprad"]
[Date "2025.05.02"]
[Round "9"]
[White "Motycakova, Monika"]
[Black "Bakalar, Jan"]
[Result "1-0"]
[WhiteElo "2023"]
[BlackElo "1909"]
[PlyCount "95"]
[EventDate "2025.05.02"]
[EventType "swiss (blitz)"]
[EventRounds "13"]
[EventCountry "SVK"]
[SourceTitle "CB19_2025"]
[SourceDate "2025.05.07"]
[SourceVersion "1"]
[SourceVersionDate "2025.05.07"]
[SourceQuality "1"]

1. e4 c5 2. c3 d5 3. exd5 Qxd5 4. d4 e5 5. Nf3 Nc6 6. dxe5 Qxd1+ 7. Kxd1 Bg4 8. Bf4 0-0-0+ 9. Nbd2 g6 10. Bc4 Bg7 11. Bxf7 Nxe5 12. Bxe5 Bxe5 13. Ke2 Nh6 14. Bc4 Rhe8 15. Kf1 Bf4 16. Nb3 b6 17. Ba6+ Kc7 18. h3 Bxf3 19. gxf3 Nf5 20. Re1 Nh4 21. Rxe8 Rxe8 22. Be2 a5 23. Rg1 a4 24. Na1 Bc1 25. b3 Bb2 26. Nc2 axb3 27. axb3 Bxc3 28. Rg4 Nf5 29. Re4 Rxe4 30. fxe4 Nd6 31. Bd3 Nf7 32. f4 Bd2 33. f5 Ne5 34. Bb5 gxf5 35. exf5 Bg5 36. Ke2 Kd6 37. Ne3 Bxe3 38. Kxe3 Nf7 39. Kf4 Ke7 40. Bc4 Nd6 41. Bg8 h6 42. Ke5 b5 43. f6+ Kd7 44. Be6+ Ke8 45. Kxd6 c4 46. bxc4 bxc4 47. Bxc4 Kf8 48. Ke5 1-0

[Event "Wch Seniors 65 32nd"]
[Site "Porto Santo"]
[Date "2024.11.17"]
[Round "1"]
[White "Silva, Fernando"]
[Black "Bakalar, Jan"]
[Result "1-0"]
[WhiteElo "2272"]
[BlackElo "1945"]
[PlyCount "65"]
[EventDate "2024.11.17"]
[EventType "swiss"]
[EventRounds "11"]
[EventCountry "POR"]
[SourceTitle "CB49_2024"]
[SourceDate "2024.12.04"]
[SourceVersion "1"]
[SourceVersionDate "2024.12.04"]
[SourceQuality "1"]

1. c4 b6 2. Nf3 Bb7 3. g3 g6 4. Bg2 Bg7 5. d4 e6 6. Nc3 d6 7. 0-0 Ne7 8. e4 Nd7 9. Qe2 0-0 10. Be3 h6 11. Rad1 f5 12. e5 d5 13. Nd2 Ba6 14. b4 c5 15. b5 Bb7 16. Nb3 Qc7 17. cxd5 exd5 18. dxc5 Qxe5 19. c6 Qxc3 20. cxb7 Rae8 21. Bd4 Qc7 22. Qb2 Nf6 23. Rfe1 Qxb7 24. Re6 Qd7 25. Bxf6 Qxe6 26. Bxg7 Rf7 27. Bxh6 Kh7 28. Bg5 Rd8 29. Nd4 Qe5 30. Qd2 Re8 31. Re1 Qd6 32. Nc6 Nxc6 33. Rxe8 1-0

[Event "Liptovske Sliace op 14th"]
[Site "Liptovske Sliace"]
[Date "2024.04.27"]
[Round "4"]
[White "Palider, Pavol"]
[Black "Bakalar, Jan"]
[Result "0-1"]
[WhiteElo "1957"]
[BlackElo "1902"]
[PlyCount "82"]
[EventDate "2024.04.26"]
[EventType "swiss"]
[EventRounds "8"]
[EventCountry "SVK"]
[SourceTitle "CBM 220 Extra"]
[Source "ChessBase"]
[SourceDate "2024.07.31"]
[SourceVersion "1"]
[SourceVersionDate "2024.07.31"]
[SourceQuality "1"]

1. d4 Nf6 2. Nc3 d5 3. Bg5 c6 4. f3 Bf5 5. e3 Nbd7 6. Bd3 Bxd3 7. cxd3 Qb6 8. Nge2 h6 9. Bh4 e6 10. Bf2 Qa6 11. 0-0 Be7 12. e4 0-0 13. e5 Nh7 14. f4 Rfe8 15. Ng3 g6 16. Qf3 f5 17. exf6 Bxf6 18. Rae1 Qb6 19. Qg4 Kf7 20. Nce2 Qa6 21. f5 exf5 22. Nxf5 gxf5 23. Qxf5 Ndf8 24. Bh4 Re6 25. Nf4 Rxe1 26. Rxe1 Qb6 27. Bf2 Kg8 28. Qg4+ Kh8 29. Nh5 Qd8 30. Bg3 Qc8 31. Qf4 Ne6 32. Qxh6 Bxd4+ 33. Kh1 Ng7 34. Re7 Qf5 35. Nf4 Rf8 36. h3 Kg8 37. Rxb7 Qg5 38. Rxg7+ Bxg7 39. Qe6+ Rf7 40. Kh2 Nf8 41. Qe3 Be5 0-1

[Event "SVK-chT1E 2223"]
[Site "Slovakia"]
[Date "2024.02.04"]
[Round "9.7"]
[White "Ondo, Radoslav"]
[Black "Bakalar, Jan"]
[Result "0-1"]
[WhiteElo "2014"]
[BlackElo "1859"]
[PlyCount "66"]
[EventDate "2023.10.21"]
[EventType "team-tourn"]
[EventRounds "11"]
[EventCountry "SVK"]
[SourceTitle "EXT 2025"]
[Source "ChessBase"]
[SourceDate "2024.10.14"]
[SourceVersion "1"]
[SourceVersionDate "2024.10.14"]
[SourceQuality "1"]
[WhiteTeam "Michalovce Zemplin"]
[BlackTeam "Rajecke Teplice Slovan"]
[WhiteTeamCountry "SVK"]
[BlackTeamCountry "SVK"]

1. e4 c5 2. c4 Nc6 3. Nc3 g6 4. d3 Bg7 5. g3 d6 6. Bg2 Nf6 7. h3 0-0 8. Nge2 Nd4 9. Be3 Ne8 10. 0-0 Nc7 11. f4 Nxe2+ 12. Qxe2 Ne6 13. Rab1 Nd4 14. Qd2 Rb8 15. g4 e6 16. Ne2 b5 17. b3 b4 18. Rbc1 f5 19. g5 e5 20. h4 Qe7 21. Rce1 fxe4 22. dxe4 Nxe2+ 23. Rxe2 exf4 24. Rxf4 Rxf4 25. Bxf4 Bd4+ 26. Be3 Be5 27. Rf2 Bb7 28. Bf4 Bd4 29. Be3 Bc3 30. Qd3 Re8 31. Rf4 Be5 32. Rf1 a5 33. Rf3 Bxe4 0-1

[Event "Wch Seniors 65 30th"]
[Site "Assisi"]
[Date "2022.11.15"]
[Round "1"]
[White "Bakalar, Jan"]
[Black "Bergstrom, Rolf"]
[Result "1/2-1/2"]
[WhiteElo "1845"]
[BlackElo "2166"]
[PlyCount "38"]
[EventDate "2022.11.15"]
[EventType "swiss"]
[EventRounds "11"]
[EventCountry "ITA"]
[SourceTitle "CBM 211 Extra"]
[Source "ChessBase"]
[SourceDate "2023.01.31"]
[SourceVersion "1"]
[SourceVersionDate "2023.01.31"]
[SourceQuality "1"]

1. Nf3 d6 2. e4 Nf6 3. Nc3 Bg4 4. h3 Bh5 5. g4 Bg6 6. d3 e6 7. Bg2 Be7 8. Be3 c5 9. e5 Nfd7 10. exd6 Bxd6 11. Ng5 Nc6 12. h4 h6 13. h5 hxg5 14. hxg6 Rxh1+ 15. Bxh1 f6 16. Bxc6 bxc6 17. Qf3 Qb6 18. 0-0-0 Rb8 19. b3 Be5 1/2-1/2

[Event "Liptovsky Jan op"]
[Site "Liptovsky Jan"]
[Date "2022.06.25"]
[Round "5"]
[White "Straka, Simon"]
[Black "Bakalar, Jan"]
[Result "0-1"]
[WhiteElo "1547"]
[BlackElo "1963"]
[PlyCount "98"]
[EventDate "2022.06.23"]
[EventType "swiss"]
[EventRounds "7"]
[EventCountry "SVK"]
[SourceTitle "CBM 209 Extra"]
[Source "ChessBase"]
[SourceDate "2022.09.30"]
[SourceVersion "1"]
[SourceVersionDate "2022.09.30"]
[SourceQuality "1"]

1. d4 c5 2. d5 e5 3. c4 d6 4. Nc3 Ne7 5. e4 Ng6 6. Nge2 Be7 7. Ng3 Bg5 8. Nf5 Bxc1 9. Rxc1 0-0 10. Nb5 Bxf5 11. exf5 Ne7 12. Bd3 f6 13. h4 a6 14. Nc3 Kh8 15. g4 Ng8 16. Ne4 b5 17. Qd2 bxc4 18. Bxc4 a5 19. g5 Qe7 20. Rc3 Nd7 21. Rg3 Nb6 22. Be2 Rfd8 23. h5 h6 24. gxh6 Nxh6 25. Rg6 Rf8 26. Rhg1 Nxf5 27. Bg4 Nh4 28. Be6 Nf3+ 29. Ke2 Nxd2 30. Kxd2 Nc4+ 31. Ke1 Qb7 32. h6 Qb4+ 33. Nc3 Ra7 34. hxg7+ Rxg7 35. Rxg7 Qxb2 36. R7g6 Qxc3+ 37. Ke2 Qc2+ 38. Ke1 Qb1+ 39. Ke2 Qxa2+ 40. Ke1 Qd2+ 41. Kf1 Qd1+ 42. Kg2 Qxg1+ 43. Kxg1 a4 44. Rh6+ Kg7 45. Rh4 Nb6 46. Kg2 f5 47. Rh3 e4 48. Rg3+ Kf6 49. f4 Ra8 0-1

[Event "Liptovsky Jan op"]
[Site "Liptovsky Jan"]
[Date "2022.06.24"]
[Round "3.16"]
[White "Vastik, Lukas"]
[Black "Bakalar, Jan"]
[Result "1/2-1/2"]
[WhiteElo "1784"]
[BlackElo "1963"]
[PlyCount "28"]
[EventDate "2022.06.23"]
[EventType "swiss"]
[EventRounds "7"]
[EventCountry "SVK"]
[SourceTitle "CBM 209 Extra"]
[Source "ChessBase"]
[SourceDate "2022.09.30"]
[SourceVersion "1"]
[SourceVersionDate "2022.09.30"]
[SourceQuality "1"]

1. e4 d5 2. exd5 Nf6 3. c4 c6 4. Nc3 cxd5 5. d4 Nc6 6. Be3 e6 7. Nf3 Bb4 8. a3 Bxc3+ 9. bxc3 Ne4 10. Qb3 0-0 11. cxd5 exd5 12. Be2 Na5 13. Qb4 Be6 14. 0-0 Rc8 1/2-1/2

[Event "CZE-ch Amateur"]
[Site "Luhacovice"]
[Date "2022.03.15"]
[Round "5"]
[White "Bakalar, Jan"]
[Black "Svobodova, Michaela"]
[Result "1/2-1/2"]
[WhiteElo "1820"]
[BlackElo "2054"]
[PlyCount "100"]
[EventDate "2022.03.12"]
[EventType "swiss"]
[EventRounds "9"]
[EventCountry "CZE"]
[SourceTitle "EXT 2023"]
[Source "ChessBase"]
[SourceDate "2022.10.05"]
[SourceVersion "1"]
[SourceVersionDate "2022.10.05"]
[SourceQuality "1"]

1. e4 c5 2. Nf3 e6 3. d4 cxd4 4. Nxd4 a6 5. c4 Nf6 6. Nc3 Qc7 7. Be2 Be7 8. 0-0 b6 9. Qd3 Bb7 10. Nc2 d6 11. b3 Nbd7 12. f3 Rc8 13. Bb2 0-0 14. Ne3 Rfd8 15. g4 Ne5 16. Qd2 d5 17. exd5 exd5 18. Ncxd5 Nxd5 19. cxd5 Bxd5 20. Nxd5 Qc5+ 21. Kh1 Rxd5 22. Qc1 Nd3 23. Qxc5 Bxc5 24. Bxd3 Rxd3 25. Rac1 Re8 26. Rc2 f6 27. Bc1 Kf7 28. Kg2 a5 29. f4 Re4 30. Rf3 Rd1 31. Rf1 Ree1 32. Rxe1 Rxe1 33. h3 f5 34. g5 Re4 35. Kf3 Ke6 36. Re2 Rxe2 37. Kxe2 Kd5 38. Kd3 Bf2 39. Bb2 g6 40. Bc3 Bg3 41. Ke3 Bh2 42. Bd2 Bg1+ 43. Kd3 Bc5 44. Bc3 Ba3 45. Bd2 Bb2 46. a4 Bd4 47. Bc1 Bc5 48. Bd2 Bd6 49. Be3 Bc5 50. Bd2 Bd6 1/2-1/2

[Event "CZE-ch Amateur"]
[Site "Luhacovice"]
[Date "2022.03.13"]
[Round "2"]
[White "Novotny, Jaroslav"]
[Black "Bakalar, Jan"]
[Result "1/2-1/2"]
[WhiteElo "2190"]
[BlackElo "1820"]
[PlyCount "66"]
[EventDate "2022.03.12"]
[EventType "swiss"]
[EventRounds "9"]
[EventCountry "CZE"]
[SourceTitle "EXT 2023"]
[Source "ChessBase"]
[SourceDate "2022.10.05"]
[SourceVersion "1"]
[SourceVersionDate "2022.10.05"]
[SourceQuality "1"]

1. Nf3 c5 2. c4 Nf6 3. Nc3 e6 4. g3 Nc6 5. Bg2 Be7 6. 0-0 0-0 7. d4 cxd4 8. Nxd4 a6 9. b3 Qc7 10. Bb2 d6 11. Rc1 Bd7 12. Nd5 Qd8 13. Nxe7+ Qxe7 14. Qd2 Rfd8 15. Rfd1 Nxd4 16. Qxd4 Bc6 17. e4 e5 18. Qd3 Qe6 19. Rd2 Qg4 20. Qe3 Nxe4 21. f3 Qg5 22. Qxg5 Nxg5 23. Kf2 f6 24. Rcd1 Nf7 25. Ba3 Kf8 26. Bxd6+ Nxd6 27. Rxd6 Rxd6 28. Rxd6 Ke7 29. c5 Rd8 30. Rxd8 Kxd8 31. b4 Kc7 32. Ke3 Bd5 33. a3 Kc6 1/2-1/2

[Event "SVK-chT2C 2122"]
[Site "Slovakia"]
[Date "2022.03.05"]
[Round "5.5"]
[White "Magat, Jozef"]
[Black "Bakalar, Jan"]
[Result "1-0"]
[WhiteElo "2030"]
[BlackElo "1902"]
[PlyCount "77"]
[EventDate "2021.10.16"]
[EventType "team-tourn"]
[EventRounds "11"]
[EventCountry "SVK"]
[SourceTitle "EXT 2023"]
[Source "ChessBase"]
[SourceDate "2022.10.05"]
[SourceVersion "1"]
[SourceVersionDate "2022.10.05"]
[SourceQuality "1"]
[WhiteTeam "Kysucke Nove Mesto"]
[BlackTeam "Rajecke Teplice"]
[WhiteTeamCountry "SVK"]
[BlackTeamCountry "SVK"]

1. Nf3 Nf6 2. c4 d6 3. d4 g6 4. Nc3 Bg7 5. e4 c6 6. Be2 a6 7. a4 Qa5 8. Bd2 Qc7 9. 0-0 e5 10. dxe5 dxe5 11. Qc2 0-0 12. Rfd1 Nbd7 13. a5 Nc5 14. Be3 Ne6 15. Bb6 Qb8 16. Qd2 Nd7 17. Na4 c5 18. Qd6 Nd4 19. Qxb8 Rxb8 20. Nxd4 Nxb6 21. Nc6 Nxa4 22. Nxb8 Nxb2 23. Rd2 Be6 24. Rxb2 Rxb8 25. Rab1 Bc8 26. Rb6 Ra8 27. Rd1 Kf8 28. Rd5 Bh6 29. Rxc5 Bd2 30. Rxe5 Bf4 31. Rc5 h6 32. g3 Bg5 33. Rd5 Be6 34. Rxb7 Bxd5 35. exd5 Bd2 36. c5 Bxa5 37. c6 Rc8 38. Bxa6 Bc7 39. Ra7 1-0

[Event "Drienica Saris op"]
[Site "Drienica"]
[Date "2020.08.13"]
[Round "7"]
[White "Bakalar, Jan"]
[Black "Sedlak, Mikulas"]
[Result "1-0"]
[WhiteElo "1889"]
[BlackElo "1573"]
[PlyCount "49"]
[EventDate "2020.08.07"]
[EventType "swiss"]
[EventRounds "9"]
[EventCountry "SVK"]
[SourceTitle "CBM 197 Extra"]
[Source "ChessBase"]
[SourceDate "2020.09.30"]
[SourceVersion "1"]
[SourceVersionDate "2020.09.30"]
[SourceQuality "1"]

1. e4 d5 2. exd5 Nf6 3. d4 Nxd5 4. c4 Nb6 5. Nc3 c6 6. Be3 e6 7. Nf3 Be7 8. Qc2 N8d7 9. 0-0-0 Nf6 10. h3 a5 11. g4 Qc7 12. Bd3 g6 13. Rhg1 Bd7 14. Ne5 Rg8 15. Bf4 Qd8 16. Be3 Bc8 17. Qe2 Nfd7 18. f4 f6 19. Nxd7 Bxd7 20. f5 Qc7 21. fxe6 Bxe6 22. d5 cxd5 23. Bxb6 Qxb6 24. cxd5 Bd7 25. d6 1-0

[Event "SVK-ch Amateur"]
[Site "Topolcany"]
[Date "2020.07.12"]
[Round "4"]
[White "Bakalar, Jan"]
[Black "Panko, Radoslav"]
[Result "0-1"]
[WhiteElo "1896"]
[BlackElo "2025"]
[PlyCount "130"]
[EventDate "2020.07.10"]
[EventType "swiss"]
[EventRounds "7"]
[EventCountry "SVK"]
[SourceTitle "EXT 2021"]
[Source "ChessBase"]
[SourceDate "2020.10.23"]
[SourceVersion "1"]
[SourceVersionDate "2020.10.23"]
[SourceQuality "1"]

1. d4 e6 2. Nf3 f5 3. g3 Nf6 4. Bg2 Be7 5. 0-0 0-0 6. c4 d6 7. Nc3 Qe8 8. h3 Ne4 9. Qd3 Nxc3 10. bxc3 Nc6 11. e4 Qh5 12. exf5 Qxf5 13. Qxf5 Rxf5 14. Be3 Bd7 15. Nd2 Raf8 16. g4 Ra5 17. f4 Ra3 18. Nb3 Na5 19. Nxa5 Rxa5 20. Rfb1 b6 21. Bd2 g5 22. fxg5 Bxg5 23. Bxg5 Rxg5 24. Rf1 h5 25. Rxf8+ Kxf8 26. Rf1+ Kg7 27. gxh5 Rxh5 28. Re1 Ra5 29. Re2 Ra3 30. Rc2 Ba4 31. Re2 Rxc3 32. Rxe6 Rxc4 33. Re4 Rc2 34. Rg4+ Kf6 35. Rf4+ Ke7 36. Bd5 Be8 37. Bb3 Re2 38. Kf1 Rh2 39. h4 c5 40. Re4+ Kd8 41. Re6 Rxh4 42. Rxd6+ Kc7 43. dxc5 bxc5 44. Re6 Bb5+ 45. Kg1 c4 46. Bc2 Bc6 47. Re2 Kd6 48. Kf2 Kc5 49. Ke1 Rd4 50. a3 c3 51. Re5+ Bd5 52. Re7 Rd2 53. Rc7+ Kd4 54. Ba4 Ra2 55. Rd7 Rxa3 56. Bc6 Ra5 57. Bxd5 Rxd5 58. Rxa7 Kc4 59. Rc7+ Kb3 60. Rb7+ Kc2 61. Re7 Kc1 62. Re6 c2 63. Re8 Rb5 64. Rc8 Kb1 65. Kd2 Rd5+ 0-1

[Event "SVK-ch Amateur"]
[Site "Topolcany"]
[Date "2020.07.12"]
[Round "5"]
[White "Galdik, Stefan"]
[Black "Bakalar, Jan"]
[Result "1/2-1/2"]
[WhiteElo "1583"]
[BlackElo "1896"]
[PlyCount "115"]
[EventDate "2020.07.10"]
[EventType "swiss"]
[EventRounds "7"]
[EventCountry "SVK"]
[SourceTitle "EXT 2021"]
[Source "ChessBase"]
[SourceDate "2020.10.23"]
[SourceVersion "1"]
[SourceVersionDate "2020.10.23"]
[SourceQuality "1"]

1. d4 Nf6 2. c4 d6 3. Nc3 c6 4. Nf3 Nbd7 5. e3 g6 6. Be2 Bg7 7. 0-0 Qc7 8. b3 0-0 9. Bb2 Re8 10. Rc1 a6 11. h3 b6 12. Qc2 Bb7 13. Rfe1 Rac8 14. Bd3 Qb8 15. Qd1 e5 16. dxe5 dxe5 17. Ne4 Nxe4 18. Bxe4 Nc5 19. Bb1 Rcd8 20. Qe2 e4 21. Bxg7 Kxg7 22. Qb2+ f6 23. Nd4 Nd3 24. Bxd3 exd3 25. Nf3 c5 26. Nd2 Re5 27. Rcd1 Qa8 28. f3 Rg5 29. e4 Qb8 30. Nf1 Bc8 31. g4 Qf4 32. Qf2 b5 33. Qg3 Qxg3+ 34. Nxg3 Re5 35. Re3 bxc4 36. bxc4 Rd4 37. Rexd3 Rxd3 38. Rxd3 Re7 39. Rd5 Rc7 40. Rd6 Kf7 41. f4 Be6 42. Rxa6 Bxc4 43. Ra4 Bd3 44. Ra3 c4 45. Rc3 Rb7 46. Rc1 Ra7 47. Ra1 c3 48. Kf2 c2 49. Ke3 Rxa2 50. Rc1 Bb5 51. Kd2 Ra3 52. Ne2 Rxh3 53. Rxc2 Rh2 54. Ke3 Rh3+ 55. Kf2 Rh2+ 56. Kf3 Bd3 57. Rd2 Rh3+ 58. Kg2 1/2-1/2

[Event "SVK-ch rapid"]
[Site "Topolcany"]
[Date "2020.07.11"]
[Round "8"]
[White "Bakalar, Jan"]
[Black "Tropp, Frantisek"]
[Result "1/2-1/2"]
[WhiteElo "1943"]
[BlackElo "2091"]
[PlyCount "95"]
[EventDate "2020.07.11"]
[EventType "swiss (rapid)"]
[EventRounds "9"]
[EventCountry "SVK"]
[SourceTitle "CBM 197 Extra"]
[Source "ChessBase"]
[SourceDate "2020.09.30"]
[SourceVersion "1"]
[SourceVersionDate "2020.09.30"]
[SourceQuality "1"]

1. e4 c6 2. Nc3 d5 3. Nf3 Bg4 4. h3 Bxf3 5. Qxf3 e6 6. a3 Nd7 7. g4 h5 8. gxh5 Ngf6 9. d3 Rxh5 10. Bg2 Bd6 11. d4 dxe4 12. Nxe4 Qc7 13. Bg5 Qa5+ 14. Bd2 Qc7 15. 0-0-0 Rf5 16. Nxf6+ Nxf6 17. Qe2 Bf4 18. Kb1 0-0-0 19. Be3 Kb8 20. Rhf1 Nd5 21. c4 Nf6 22. Rc1 Qd6 23. Qc2 Bxe3 24. fxe3 Qg3 25. Rxf5 exf5 26. d5 cxd5 27. cxd5 g6 28. Qc5 Qd6 29. Qc3 a6 30. Rd1 Ne4 31. Qg7 Qf6 32. Qh6 Qg5 33. Qxg5 Nxg5 34. h4 Ne4 35. Bxe4 fxe4 36. Rf1 f5 37. h5 gxh5 38. Rxf5 Rh8 39. Kc2 h4 40. Kc3 h3 41. Rf1 h2 42. Rh1 Kc7 43. Kd4 Rh4 44. b3 Kd6 45. Kc4 b5+ 46. Kd4 a5 47. a4 bxa4 48. bxa4 1/2-1/2